Movies Quiz

Random Movies or Actress Quiz

Actress A-Z: Drama Quiz Stats

Quiz Updated Apr 24, 2016

Also try: Actor A-Z: Drama
Challenge
Share
Tweet
Embed
Score 0/24 Timer 04:00
1 Play Today
Actress % Correct
P) Natalie ______Portman
96.2%
K) Nicole ______Kidman
96%
H) Anne ______Hathaway
94.2%
Z) Catherine ______-______Zeta-Jones
93.8%
W) Kate ______Winslet
93.7%
J) Scarlett ______Johansson
93.2%
T) Charlize ______Theron
92.5%
D) Judi ______Dench
92%
S) Hilary ______Swank
90.6%
B) Ingrid ______Bergman
85%
A) Jennifer ______Aniston
83.6%
L) Vivien ______Leigh
78.7%
Actress % Correct
C) Jennifer ______Connelly
62.2%
G) Maggie ______Gyllenhaal
62.1%
N) Kim ______Novak
54.9%
M) Carey ______Mulligan
53.6%
F) Louise ______Fletcher
44.5%
Y) Susannah ______York
40.1%
R) Gena ______Rowlands
38.2%
E) Britt ______Ekland
37.3%
Q) Kathleen ______Quinlan
36.1%
O) Lena ______Olin
35.2%
I) Amy ______Irving
34.6%
U) Liv ______Ullmann
32.6%

You're not logged in!

Compare scores with friends on all Sporcle quizzes.
Sign Up with Email
OR
Log In

You Might Also Like...

Show Comments

Extras

Top Quizzes Today


Score Distribution

Your Account Isn't Verified!

In order to create a playlist on Sporcle, you need to verify the email address you used during registration. Go to your Sporcle Settings to finish the process.